• 首页
  • 本馆介绍
  • 公告通知
  • 最新文献
  • 馆藏检索
  • 电子资源
  • 读者导购
  • 参考咨询
  • 我的图书馆
  • 登录
  • 详细信息显示
  • 放入我的书架
  • 预约/预借图书
  • 作者相关作品
  • 分类相关作品
  • 丛书相关作品
  • 出版社相关作品

书目信息

  • 表格格式
  • 工作单格式
  • 卡片格式
题名:
剑桥商务英语教程
    
 
作者: 麦克左拉 , 怀特 著
分册:  
出版信息: 北京   华夏出版社  2000
页数: 118页
开本: 26cm
丛书名:
单 册:
中图分类: H31
科图分类: 41.68
主题词: 商业-英语--高等教育--教材 , 英语-商业--高等教育--教材
电子资源:
ISBN: 7-5080-2224-6
000 01022nam2 2200289 45
001 0194036582
005 20070608103735.54
010    @a7-5080-2224-6@dCNY22.00
100    @a19940731d2000 em y0chiy0121 ea
101 0  @aeng
102    @aCN@b110000
105    @ay z 000yy
200 10 @a剑桥商务英语教程@AJIAN QIAO SHANG WU YING YU JIAO CHENG@e商务英语的沟通技巧@e教师用书@EJIAO SHI YONG SHU@f(英)麦克左拉,(英)怀 特著@F( YING ) MAI KE ZUO LA ,( YING) HUAI TE ZHU
205    @a第二版@b新版
210    @a北京@c华夏出版社@d2000
215    @a118页@d26cm
300    @a剑桥大学考试委员会推荐BEC1考试用书
517 1  @a商务英语的沟通技巧@Ashang wu ying yu de gou tong ji qiao
540 1  @a剑桥 商务 英语@AJIAN QIAO SHANG WU YING YU
606    @a商业-英语@x高等教育@x教材
606    @a英语-商业@x高等教育@x教材
690    @aH31
692    @a41.68
701  1 @a麦克左拉@AMAI KE ZUO LA@b萨拉·琼斯@4著
701  1 @a怀特@AHUAI TE@b格雷格@4著
801  0 @aCN@bTSSF@c20070608
905    @a10447@dH31@e1052:1=2
    
    剑桥商务英语教程:商务英语的沟通技巧:教师用书/(英)麦克左拉,(英)怀 特著.-第二版,新版.-北京:华夏出版社,2000
    118页;26cm
    剑桥大学考试委员会推荐BEC1考试用书
    
    ISBN 7-5080-2224-6:CNY22.00
    
●
相关链接 在E读中查询图书 在五车中查询图书 在当当中查询图书 在豆瓣中查询图书


正题名:剑桥商务英语教程     索取号:H31/1052:1=2         预约/预借

序号 登录号 条形码 馆藏地/架位号 状态 备注
1 0517434   205174345   第二样本阅览室/ [索取号:H31/1052:1=2] 在馆    
唐山师范学院图书馆 欢迎您!
大连网信软件有限公司© 版权所有